[Event "GRE-ch U14"]
[Site "Achaia"]
[Date "2017.06.27"]
[Round "2"]
[White "Triantafilidis, Mihail"]
[Black "Lianeris, Andreas"]
[Result "1-0"]
[WhiteElo "1900"]
[BlackElo "1630"]
[PlyCount "57"]
[EventDate "2017.06.26"]
[EventType "swiss"]
[EventRounds "9"]
[EventCountry "GRE"]
[SourceTitle "EXT 2018"]
[Source "ChessBase"]
[SourceDate "2017.10.13"]
[SourceVersion "1"]
[SourceVersionDate "2017.10.13"]
[SourceQuality "1"]

1. e4 c5 2. Nf3 d6 3. d4 cxd4 4. Nxd4 Nf6 5. Nc3 Nc6 6. Bc4 e6 7. Be3 Be7 8. Qe2 Bd7 9. 0-0-0 a6 10. Rhg1 Qc7 11. Bb3 0-0 12. g4 Na5 13. g5 Nxb3+ 14. Nxb3 Ne8 15. Qh5 g6 16. Qh6 Ng7 17. Rg3 Nh5 18. Rh3 Rfc8 19. Rxh5 gxh5 20. f4 b5 21. Rd2 a5 22. f5 b4 23. g6 fxg6 24. fxg6 hxg6 25. Qxg6+ Kh8 26. Qh6+ Kg8 27. Rg2+ Kf7 28. Qg6+ Kf8 29. Bh6# 1-0

[Event "Heraklion op 20th"]
[Site "Heraklion"]
[Date "2017.04.19"]
[Round "4"]
[White "Brokalakis Gounaris, Christos"]
[Black "Lianeris, Andreas"]
[Result "1/2-1/2"]
[WhiteElo "1773"]
[BlackElo "1543"]
[PlyCount "119"]
[EventDate "2017.04.17"]
[EventType "swiss"]
[EventRounds "9"]
[EventCountry "GRE"]
[SourceTitle "CBM 177 Extra"]
[Source "ChessBase"]
[SourceDate "2017.04.27"]
[SourceVersion "1"]
[SourceVersionDate "2017.04.27"]
[SourceQuality "1"]

1. d4 Nf6 2. c4 e6 3. Nf3 Bb4+ 4. Bd2 Qe7 5. a3 Bxd2+ 6. Nbxd2 0-0 7. g3 d6 8. Bg2 Nc6 9. 0-0 Re8 10. e4 e5 11. d5 Nb8 12. b4 Bg4 13. h3 Bh5 14. Qc2 Nbd7 15. Rac1 c5 16. dxc6 bxc6 17. Nh4 Bg6 18. Nxg6 hxg6 19. Rfd1 c5 20. Nb3 Nf8 21. Qd2 Rad8 22. Na5 Qc7 23. b5 Ne6 24. Nc6 Rd7 25. h4 Nd4 26. Nxd4 exd4 27. Re1 Rde7 28. Qd3 Nd7 29. Qd2 Nf6 30. Qd3 Qa5 31. Re2 Qa4 32. f3 Nd7 33. Rb2 Qa5 34. Qd2 Qxd2 35. Rxd2 f5 36. exf5 gxf5 37. a4 Re2 38. Rcd1 Nb6 39. Bf1 Rxd2 40. Rxd2 Nxa4 41. Ra2 Nc3 42. Rxa7 Re1 43. Kf2 Rb1 44. Bd3 Rb4 45. Bxf5 Nd1+ 46. Ke2 Ne3 47. Bd3 Nxc4 48. Bxc4+ Rxc4 49. b6 Rb4 50. b7 Kh7 51. Ra6 Rxb7 52. Rxd6 Rc7 53. Kd2 Kg8 54. Rb6 c4 55. Rd6 d3 56. Kc3 Kf8 57. Rd4 Ke8 58. Re4+ Kd8 59. g4 Rd7 60. Re1 1/2-1/2

[Event "Heraklion op 20th"]
[Site "Heraklion"]
[Date "2017.04.18"]
[Round "2"]
[White "Kellner, Nikolaus"]
[Black "Lianeris, Andreas"]
[Result "0-1"]
[WhiteElo "1700"]
[BlackElo "1543"]
[PlyCount "126"]
[EventDate "2017.04.17"]
[EventType "swiss"]
[EventRounds "9"]
[EventCountry "GRE"]
[SourceTitle "CBM 177 Extra"]
[Source "ChessBase"]
[SourceDate "2017.04.27"]
[SourceVersion "1"]
[SourceVersionDate "2017.04.27"]
[SourceQuality "1"]

1. g4 d5 2. h3 e5 3. Bg2 Nc6 4. Nc3 Be6 5. d3 h5 6. g5 Nge7 7. h4 Qd7 8. Nf3 0-0-0 9. Bd2 Kb8 10. a3 f6 11. gxf6 gxf6 12. b4 Rg8 13. Kf1 Rg6 14. b5 Nd4 15. a4 Nc8 16. Ne1 Qg7 17. e3 Nf5 18. e4 dxe4 19. Nxe4 Be7 20. Bh3 Rg8 21. Nf3 Nd4 22. Bxe6 Nxe6 23. Be3 f5 24. Neg5 f4 25. Nxe6 Rxe6 26. Rg1 Rg6 27. Rxg6 Qxg6 28. Bd2 Bc5 29. Ng5 Be7 30. Nf3 Qg2+ 31. Ke2 Rg3 32. Qh1 Bf6 33. Qxg2 Rxg2 34. Bc3 Rg4 35. Rh1 Ne7 36. Bxe5 Bxe5 37. Nxe5 f3+ 38. Nxf3 Rxa4 39. c4 c6 40. Nd4 cxb5 41. Nxb5 Ra2+ 42. Kf3 a6 43. Re1 axb5 44. Rxe7 bxc4 45. dxc4 Rc2 46. Re4 Kc7 47. Rd4 Kc6 48. Ke3 Kc5 49. f4 Re2+ 50. Kxe2 Kxd4 51. Kf3 Kxc4 52. f5 Kd5 53. Kf4 Kd6 54. Kg5 Ke7 55. Kg6 Kf8 56. Kxh5 b5 57. Kg6 b4 58. h5 b3 59. h6 Kg8 60. h7+ Kh8 61. f6 b2 62. f7 b1Q+ 63. Kf6 Qb4 0-1

[Event "Heraklion op 18th"]
[Site "Heraklion"]
[Date "2016.09.03"]
[Round "1"]
[White "Lianeris, Andreas"]
[Black "Antic, Dejan"]
[Result "0-1"]
[WhiteElo "1537"]
[BlackElo "2438"]
[PlyCount "52"]
[EventDate "2016.09.03"]
[EventType "swiss"]
[EventRounds "9"]
[EventCountry "GRE"]
[SourceTitle "CBM 174 Extra"]
[Source "ChessBase"]
[SourceDate "2016.10.10"]
[SourceVersion "1"]
[SourceVersionDate "2016.10.10"]
[SourceQuality "1"]

1. d4 e6 2. Nf3 c5 3. e3 Nf6 4. Bd3 b6 5. b3 Bb7 6. Nbd2 Be7 7. 0-0 0-0 8. Bb2 d6 9. Qe2 Nbd7 10. Rad1 cxd4 11. exd4 Nd5 12. c4 Nf4 13. Qe3 Nxd3 14. Qxd3 d5 15. Ne5 dxc4 16. Ndxc4 Nf6 17. Rfe1 Rc8 18. Nd2 Qd5 19. Qg3 Nh5 20. Qf3 Qxf3 21. Ndxf3 Rc2 22. Rb1 Nf4 23. Re3 Nd5 24. Ree1 Nf4 25. Re3 Rfc8 26. Ne1 R2c7 0-1

[Event "GRE-ch U14"]
[Site "Porto Rio"]
[Date "2016.07.02"]
[Round "7"]
[White "Lianeris, Andreas"]
[Black "Mitsis, Georgios"]
[Result "1/2-1/2"]
[WhiteElo "1428"]
[BlackElo "2135"]
[PlyCount "69"]
[EventDate "2016.06.28"]
[EventType "swiss"]
[EventRounds "9"]
[EventCountry "GRE"]
[SourceTitle "CBM 173 Extra"]
[Source "ChessBase"]
[SourceDate "2016.08.29"]
[SourceVersion "1"]
[SourceVersionDate "2016.08.29"]
[SourceQuality "1"]

1. e4 g6 2. d4 Bg7 3. Nc3 d6 4. Be3 a6 5. f3 b5 6. Qd2 Nd7 7. 0-0-0 c6 8. g4 Qc7 9. h4 h5 10. g5 e6 11. Kb1 Ne7 12. Nh3 Bb7 13. Nf2 0-0-0 14. Bd3 Kb8 15. Rhe1 Rhf8 16. Ne2 c5 17. dxc5 dxc5 18. c4 Ne5 19. Qc2 bxc4 20. Bxc4 Nxf3 21. Rxd8+ Rxd8 22. Rc1 Nd4 23. Nxd4 cxd4 24. Bd2 Rc8 25. Qb3 Qc6 26. Bf4+ Ka7 27. Qb4 Ng8 28. Bxa6 Qxc1+ 29. Bxc1 Bxa6 30. Qa4 Kb7 31. b4 Bc4 32. b5 Be5 33. Qa6+ Kb8 34. Qb6+ Ka8 35. Qa6+ 1/2-1/2

[Event "GRE-ch U14"]
[Site "Porto Rio"]
[Date "2016.07.01"]
[Round "6"]
[White "Pelantakis, Mihail"]
[Black "Lianeris, Andreas"]
[Result "0-1"]
[WhiteElo "1648"]
[BlackElo "1428"]
[PlyCount "70"]
[EventDate "2016.06.28"]
[EventType "swiss"]
[EventRounds "9"]
[EventCountry "GRE"]
[SourceTitle "CBM 173 Extra"]
[Source "ChessBase"]
[SourceDate "2016.08.29"]
[SourceVersion "1"]
[SourceVersionDate "2016.08.29"]
[SourceQuality "1"]

1. e4 c5 2. Nf3 d6 3. d4 cxd4 4. Nxd4 Nf6 5. Nc3 Nc6 6. f3 e5 7. Nb3 Be6 8. Be3 Be7 9. Qd2 0-0 10. 0-0-0 a5 11. Bb5 Na7 12. Bd3 Nc6 13. Bb5 Na7 14. Be2 Nc6 15. Na4 Nd7 16. g4 Nb4 17. Kb1 Rb8 18. Bb5 Rc8 19. Nc3 Nb6 20. a3 Bxb3 21. cxb3 Nc6 22. Nd5 Nxd5 23. exd5 Nb8 24. Rc1 Rxc1+ 25. Rxc1 Na6 26. Bxa6 bxa6 27. Rc6 f5 28. Rxa6 fxg4 29. fxg4 Qc8 30. Rc6 Qxg4 31. Ra6 Qe4+ 32. Ka2 Rf1 33. Ra8+ Kf7 34. b4 Rf3 35. Bf2 Rd3 0-1

[Event "GRE-ch U14"]
[Site "Porto Rio"]
[Date "2016.06.28"]
[Round "1"]
[White "Lianeris, Andreas"]
[Black "Georgakopoulos, Nikolaos K"]
[Result "0-1"]
[WhiteElo "1428"]
[BlackElo "1847"]
[PlyCount "66"]
[EventDate "2016.06.28"]
[EventType "swiss"]
[EventRounds "9"]
[EventCountry "GRE"]
[SourceTitle "CBM 173 Extra"]
[Source "ChessBase"]
[SourceDate "2016.08.29"]
[SourceVersion "1"]
[SourceVersionDate "2016.08.29"]
[SourceQuality "1"]

1. d4 d5 2. Nf3 Nf6 3. e3 c6 4. b3 e6 5. Bb2 Bd6 6. Bd3 0-0 7. 0-0 b6 8. Nbd2 Nbd7 9. Ne5 Bb7 10. f4 c5 11. Qf3 Qc7 12. Qh3 Ne4 13. Nxe4 dxe4 14. Bc4 Nf6 15. Nxf7 Rxf7 16. Bxe6 Bc8 17. Bxf7+ Qxf7 18. Qg3 c4 19. Rad1 Ba6 20. Rf2 Nd5 21. c3 Rc8 22. b4 Qh5 23. Re1 Nxb4 24. cxb4 Bxb4 25. Rc1 c3 26. Rfc2 cxb2 27. Rxc8+ Bf8 28. Rxf8+ Kxf8 29. Rb1 Bd3 30. Qe1 Bxb1 31. Qxb1 Qe2 32. d5 Qxe3+ 33. Kf1 Qc1+ 0-1

[Event "GRE-chT 43rd"]
[Site "Porto Rio"]
[Date "2015.10.11"]
[Round "6.4"]
[White "Patrelakis, Evaggelos"]
[Black "Lianeris, Andreas"]
[Result "1-0"]
[WhiteElo "1740"]
[BlackElo "1363"]
[PlyCount "35"]
[EventDate "2015.10.08"]
[EventType "team-swiss"]
[EventRounds "7"]
[EventCountry "GRE"]
[SourceTitle "CBM 168 Extra"]
[Source "ChessBase"]
[SourceDate "2015.10.29"]
[SourceVersion "1"]
[SourceVersionDate "2015.10.29"]
[SourceQuality "1"]
[WhiteTeam "Chania ADA"]
[BlackTeam "OFI"]
[WhiteTeamCountry "GRE"]
[BlackTeamCountry "GRE"]

1. e4 c5 2. Nf3 Nc6 3. d4 cxd4 4. Nxd4 g6 5. c4 Bg7 6. Be3 Nf6 7. Nc3 Ng4 8. Qxg4 Nxd4 9. Qd1 Ne6 10. Be2 Qa5 11. Qd2 b6 12. 0-0 Bb7 13. Rad1 Rd8 14. f3 Qh5 15. Nd5 g5 16. f4 Qg6 17. f5 Qh6 18. fxe6 1-0

[Event "GRE-ch U12"]
[Site "Rio Achaia"]
[Date "2015.06.30"]
[Round "7.11"]
[White "Lianeris, Andreas"]
[Black "Koutis, Pavlos"]
[Result "1-0"]
[WhiteElo "1367"]
[BlackElo "1250"]
[PlyCount "87"]
[EventDate "2015.06.26"]
[EventType "swiss"]
[EventRounds "9"]
[EventCountry "GRE"]
[SourceTitle "EXT 2024"]
[Source "ChessBase"]
[SourceDate "2023.10.10"]
[SourceVersion "1"]
[SourceVersionDate "2023.10.10"]
[SourceQuality "1"]

1. e4 c5 2. Nf3 Nc6 3. Bb5 Nf6 4. Nc3 g6 5. e5 Ng4 6. Bxc6 bxc6 7. h3 Nh6 8. b3 Bg7 9. 0-0 Nf5 10. Re1 0-0 11. Rb1 Bb7 12. Ba3 d6 13. exd6 exd6 14. Ne4 Qa5 15. Qc1 Rad8 16. Bb2 Nd4 17. Nh2 d5 18. Bc3 Qb6 19. Ng3 a5 20. a3 Rfe8 21. Re3 Be5 22. Bxd4 Bxd4 23. Rf3 Ba6 24. Ng4 Re7 25. d3 Rde8 26. Qf4 Qc7 27. Nf6+ Bxf6 28. Qxf6 Re6 29. Qc3 Qb6 30. h4 d4 31. Qd2 Qd8 32. Qf4 Qe7 33. h5 Re1+ 34. Rxe1 Qxe1+ 35. Kh2 Qe6 36. h6 Bc8 37. Ne4 Qe7 38. Nf6+ Kf8 39. Nxh7+ Kg8 40. Nf6+ Kf8 41. Nxe8 Kxe8 42. h7 Qf8 43. Qxf7+ Qxf7 44. h8Q+ 1-0

[Event "GRE-ch U12"]
[Site "Rio Achaia"]
[Date "2015.06.29"]
[Round "5.9"]
[White "Lianeris, Andreas"]
[Black "Marinakis, Hristos"]
[Result "1/2-1/2"]
[WhiteElo "1367"]
[BlackElo "1660"]
[PlyCount "90"]
[EventDate "2015.06.26"]
[EventType "swiss"]
[EventRounds "9"]
[EventCountry "GRE"]
[SourceTitle "EXT 2024"]
[Source "ChessBase"]
[SourceDate "2023.10.10"]
[SourceVersion "1"]
[SourceVersionDate "2023.10.10"]
[SourceQuality "1"]

1. e4 c5 2. Nf3 e6 3. d4 cxd4 4. Nxd4 Nc6 5. Be3 Qc7 6. c4 Nf6 7. Nc3 a6 8. Be2 Be7 9. 0-0 0-0 10. f4 d6 11. f5 Bd7 12. Rc1 Rac8 13. Qe1 Nxd4 14. Bxd4 d5 15. cxd5 Bc5 16. Bxc5 Qxc5+ 17. Kh1 exf5 18. exf5 Nxd5 19. Nxd5 Qxd5 20. Rd1 Qc6 21. f6 Qe6 22. Qg3 g6 23. Qf4 Kh8 24. Qh6 Rg8 25. Bf3 Bc6 26. Bxc6 bxc6 27. Rde1 Qg4 28. Rf3 Qh5 29. Qxh5 gxh5 30. Re7 Rcd8 31. g3 Rgf8 32. Rb3 Rd6 33. Ra3 Rxf6 34. Rxa6 Rd8 35. Re2 h4 36. gxh4 Rg6 37. Re1 Rd2 38. Rg1 Rxg1+ 39. Kxg1 Rxb2 40. h5 h6 41. Rxc6 Rxa2 42. Rxh6+ Kg7 43. Rb6 f6 44. h6+ Kxh6 45. Rxf6+ Kg7 1/2-1/2

[Event "GRE-ch U12"]
[Site "Rio Achaia"]
[Date "2015.06.28"]
[Round "4.10"]
[White "Tzemanakis, Nikolaos"]
[Black "Lianeris, Andreas"]
[Result "1/2-1/2"]
[WhiteElo "1442"]
[BlackElo "1367"]
[PlyCount "62"]
[EventDate "2015.06.26"]
[EventType "swiss"]
[EventRounds "9"]
[EventCountry "GRE"]
[SourceTitle "EXT 2024"]
[Source "ChessBase"]
[SourceDate "2023.10.10"]
[SourceVersion "1"]
[SourceVersionDate "2023.10.10"]
[SourceQuality "1"]

1. e4 c5 2. Nf3 Nc6 3. Bb5 g6 4. Bxc6 bxc6 5. 0-0 Bg7 6. d3 Nf6 7. c3 0-0 8. Be3 d6 9. h3 c4 10. Qc2 cxd3 11. Qxd3 a5 12. Rd1 Ba6 13. Qc2 Qc7 14. Nbd2 Rab8 15. Rac1 c5 16. c4 Bb7 17. Ne1 Qc6 18. f3 Ne8 19. Nf1 Bc8 20. b3 a4 21. Rb1 axb3 22. Rxb3 Rxb3 23. axb3 Nc7 24. Qc1 Ne6 25. Nc2 Ba6 26. Bh6 Rb8 27. Bxg7 Kxg7 28. Qa1+ Kg8 29. Qc3 Nf4 30. Qe3 Ne6 31. Qc3 Nf4 1/2-1/2

[Event "Heraklio SOI op 11th"]
[Site "Heraklion"]
[Date "2014.04.22"]
[Round "2"]
[White "Lianeris, Andreas"]
[Black "Bielby, Paul R"]
[Result "0-1"]
[WhiteElo "1340"]
[BlackElo "1890"]
[PlyCount "128"]
[EventDate "2014.04.21"]
[EventType "swiss"]
[EventRounds "7"]
[EventCountry "GRE"]
[SourceTitle "EXT 2024"]
[Source "ChessBase"]
[SourceDate "2023.10.10"]
[SourceVersion "1"]
[SourceVersionDate "2023.10.10"]
[SourceQuality "1"]

1. e4 c5 2. Nf3 Nc6 3. b3 d6 4. Bb2 Nf6 5. Nc3 g6 6. Be2 Bg7 7. d3 0-0 8. 0-0 a6 9. Qd2 b5 10. Rab1 e5 11. Nd5 Nxd5 12. exd5 Ne7 13. c4 h6 14. h3 f5 15. Rfe1 g5 16. Nh2 Ng6 17. g3 b4 18. Bh5 Qf6 19. Rf1 Ra7 20. Rbe1 Kh7 21. Bf3 Rg8 22. Bg2 Bf8 23. Nf3 Rf7 24. Re2 Be7 25. Rfe1 Qg7 26. Nh2 Bf6 27. Nf1 h5 28. Nh2 h4 29. g4 Nf4 30. Re3 Re7 31. f3 Rge8 32. Qf2 Bd7 33. Nf1 Ra8 34. Nd2 a5 35. Ra1 Kh8 36. Nf1 e4 37. Bxf6 Qxf6 38. Rae1 Nxd3 39. Qd2 Nxe1 40. Qxe1 Rae8 41. fxe4 fxg4 42. hxg4 Bxg4 43. Nh2 Bh5 44. Nf3 Qf4 45. Nh2 g4 46. Rd3 g3 47. Nf1 Bg4 48. Ne3 Rxe4 49. Bxe4 Qxe4 50. Qa1+ Re5 51. Qf1 Bf5 52. Nxf5 Rxf5 53. Qa1+ Kh7 54. Qd1 Kg6 55. Rd2 h3 56. Re2 h2+ 57. Rxh2 gxh2+ 58. Kxh2 Qh4+ 59. Kg1 Qg3+ 60. Kh1 Rh5+ 61. Qxh5+ Kxh5 62. a4 bxa3 63. b4 a2 64. bxa5 a1R# 0-1

[Event "Heraklio SOI op 10th"]
[Site "Heraklion"]
[Date "2014.01.04"]
[Round "4"]
[White "Papandreou, Giorgos"]
[Black "Lianeris, Andreas"]
[Result "1-0"]
[WhiteElo "1829"]
[BlackElo "1341"]
[PlyCount "101"]
[EventDate "2014.01.09"]
[EventType "swiss"]
[EventRounds "7"]
[EventCountry "GRE"]
[SourceTitle "EXT 2024"]
[Source "ChessBase"]
[SourceDate "2023.10.10"]
[SourceVersion "1"]
[SourceVersionDate "2023.10.10"]
[SourceQuality "1"]

1. d4 e6 2. c4 f5 3. Nc3 Nf6 4. Nf3 Be7 5. e3 0-0 6. Be2 d6 7. 0-0 Qe8 8. b4 Bd7 9. c5 Na6 10. Rb1 Rd8 11. Qc2 Qf7 12. Bc4 Kh8 13. Ng5 Qg8 14. Qb3 d5 15. Bxa6 bxa6 16. Qa3 h6 17. Nf3 Ne4 18. Ne5 Kh7 19. Ne2 Bb5 20. Re1 Bh4 21. g3 Bf6 22. f3 Ng5 23. Kg2 Bxe5 24. dxe5 Qf7 25. Nd4 Bc4 26. Qc3 Qh5 27. h4 Nf7 28. Nxe6 Rfe8 29. Nxd8 Nxd8 30. Bb2 Ne6 31. Qc2 Qg6 32. Kh2 a5 33. a3 c6 34. Qa4 axb4 35. axb4 Bb5 36. Qxa7 Nd8 37. Qd7 Ne6 38. Rg1 Rd8 39. Qb7 Re8 40. Ra1 Qh5 41. Kg2 Qg6 42. Kf2 f4 43. gxf4 Qc2+ 44. Kg3 Qxb2 45. Qf7 Rf8 46. Qxe6 Qxb4 47. Qd6 Rf7 48. Kh3 Qd2 49. Qg6+ Kg8 50. Ra8+ Rf8 51. Qxg7# 1-0

[Event "Iraklio SOI op-A 9th"]
[Site "Iraklio"]
[Date "2013.09.03"]
[Round "1"]
[White "Kounalakis, Evryklis"]
[Black "Lianeris, Andreas"]
[Result "1/2-1/2"]
[WhiteElo "2181"]
[BlackElo "1302"]
[PlyCount "91"]
[EventDate "2013.09.03"]
[EventType "swiss"]
[EventRounds "7"]
[EventCountry "GRE"]
[SourceTitle "EXT 2024"]
[Source "ChessBase"]
[SourceDate "2023.10.10"]
[SourceVersion "1"]
[SourceVersionDate "2023.10.10"]
[SourceQuality "1"]

1. e4 e6 2. d4 d5 3. Nd2 c5 4. c3 Nc6 5. exd5 exd5 6. dxc5 Bxc5 7. Nb3 Bb6 8. Nf3 Nf6 9. Be2 h6 10. 0-0 0-0 11. Nbd4 Bg4 12. Be3 Bc7 13. Re1 Re8 14. Nb5 Bb8 15. Nfd4 Bxe2 16. Rxe2 Qd7 17. Nc2 Bc7 18. Nxc7 Qxc7 19. Rd2 Rad8 20. Bd4 Ne4 21. Rd3 Nxd4 22. Nxd4 a6 23. Qc2 Qb6 24. Rad1 Nf6 25. Qb3 Qxb3 26. Nxb3 Re2 27. R3d2 Rde8 28. Kf1 Rxd2 29. Rxd2 b6 30. Nd4 Rc8 31. Nf5 Kf8 32. f3 Rc5 33. Re2 Rc7 34. Kf2 Rc5 35. g4 Ra5 36. a3 Rc5 37. Ke3 Rc4 38. Kd3 Rf4 39. Nd4 h5 40. Ke3 g5 41. h4 hxg4 42. hxg5 Nh5 43. Rh2 gxf3 44. Nxf3 Re4+ 45. Kd2 Nf4 46. Nd4 1/2-1/2